• 首页
  • 本馆介绍
  • 公告通知
  • 最新文献
  • 馆藏检索
  • 电子资源
  • 读者导购
  • 参考咨询
  • 我的图书馆
  • 登录
  • 详细信息显示
  • 放入我的书架
  • 预约/预借图书
  • 作者相关作品
  • 分类相关作品
  • 丛书相关作品
  • 出版社相关作品

书目信息

  • 表格格式
  • 工作单格式
  • 卡片格式
题名:
山河破碎黑土魂
    
 
作者: 王同良 著
分册:  
出版信息: 哈尔滨   黑龙江人民出版社  2018
页数: 374页
开本: 25cm
丛书名:
单 册:
中图分类: I253.2 , K264.306
科图分类:
主题词: 纪实文学--中国--当代 , 抗日斗争--东北地区--史料
电子资源:
ISBN: 978-7-207-11187-6
000 00987nam0 2200253 450
001 2368718802
005 20231209224325.50
010    @a978-7-207-11187-6@dCNY68.00
100    @a20181129d2018 em y0chiy50 ea
101 0  @achi
102    @aCN@b230000
105    @aa z 000zy
200 1  @a山河破碎黑土魂@Ashan he po sui hei tu hun@e东北十四年抗日纪实文学@f王同良著
210    @a哈尔滨@c黑龙江人民出版社@d2018
215    @a374页@c照片@d25cm
330    @a本书重点描述和剖析了东北地区如何遭受日本帝国主义长达14年之久的残酷统治,以及在中国共产党的号召影响领导下,东北人民、各路义勇军,尤其是抗日联军进行了长达14年的抗日战争,并取得最终胜利的史实。
517 1  @a东北十四年抗日纪实文学@Adong bei shi si nian kang ri ji shi wen xue
606 0  @a纪实文学@y中国@z当代
606 0  @a抗日斗争@y东北地区@j史料
690    @aI253.2@v5
690    @aK264.306@v5
701  0 @a王同良@Awang tong liang@4著
801  0 @aCN@b大连网信软件有限公司图书馆·11@c20231016
905    @aZUCC@dI253.2@e82
    
    山河破碎黑土魂:东北十四年抗日纪实文学/王同良著.-哈尔滨:黑龙江人民出版社,2018
    374页:照片;25cm
    
    
    ISBN 978-7-207-11187-6:CNY68.00
    本书重点描述和剖析了东北地区如何遭受日本帝国主义长达14年之久的残酷统治,以及在中国共产党的号召影响领导下,东北人民、各路义勇军,尤其是抗日联军进行了长达14年的抗日战争,并取得最终胜利的史实。
●
相关链接 在五车中查询图书 在当当中查询图书 在豆瓣中查询图书


正题名:山河破碎黑土魂     索取号:I253.2/82         预约/预借

序号 登录号 条形码 馆藏地/架位号 状态 备注
1 2001056889   2001056889   第四书库/四40架B面3层6列/ [索取号:I253.2/82] 在馆    
2 2001056890   2001056890   第四书库/四40架B面3层6列/ [索取号:I253.2/82] 在馆    
3 2001056891   2001056891   第四书库/四40架B面3层6列/ [索取号:I253.2/82] 在馆    
4 2001056892   2001056892   第四书库/四40架B面3层6列/ [索取号:I253.2/82] 在馆    
5 2001056893   2001056893   第四书库/四40架B面3层6列/ [索取号:I253.2/82] 在馆    
6 2001056894   2001056894   第四书库/四40架B面3层6列/ [索取号:I253.2/82] 在馆    
山东省滨州职业学院图书馆 欢迎您!
大连网信软件有限公司© 版权所有